000 01022cam a2200289 a 4500
001 14924760
005 20141120160244.0
008 070712t2008 xxua frb 001 0 eng d
010 _a2007061801
020 _a9780898716429 (pbk.)
020 _z089871642X (pbk.)
040 _aDLC
_cDLC
_dYDX
_dYDXCP
_dBAKER
_dBTCTA
_dDLC
_dEG-ScBUE
082 0 0 _a616.0754
_222
_bEPS
100 1 _aEpstein, Charles L.
_936642
245 1 0 _aIntroduction to the mathematics of medical imaging /
_cCharles L. Epstein.
250 _a2nd ed.
260 _aPhiladelphia, United States :
_bSociety for Industrial and Applied Mathematics,
_cc.2008.
300 _axxxiii, 761 p. :
_bill. ;
_c26 cm.
500 _aIndex : p. 753-761.
504 _aBibliography : p. 743-751.
650 0 _aDiagnostic imaging
_xMathematics
_936643
650 0 _aImaging systems in medicine
_xMathematics
_936644
650 0 _aMedical physics
_xMathematics
_936645
653 _bPPhrm
_cNovember2014
655 _vreading book
_934232
942 _2ddc
_k616.0754 EPS
999 _c18659
_d18631